LEADER 00999nam a2200229 i 4500 001 000000137971 003 CaOOAMICUS 005 20050426000000.0 008 050426s1962 it u000 u ita u 013 $a111866 040 $aSeMil$bita 100 1 $aMarcucci, Silvestro <1931-2005>.$0(OLS)http://semarc/name/6360 245 10$aÉmile Meyerson :$bepistemologia e filosofia /$cIstituto di filosofia dell'Università di Pisa ; Silvestro Marcucci. 260 $aFirenze :$bLe Monnier,$c1962. 300 $a184 p ;$c25 cm. 650 4$aMeyerson, Émile.$0(OLS)http://semarc/subject/27139 710 2 $aUniversità di Pisa : Istituto di filosofia.$0(OLS)http://semarc/name/55911 850 $aSeMil 852 $aSeMil$W1$xVenegono$y1$m152 40 2 *$j91482$B91482$CSeMilBibl$Z2$F96458 $81 961 $aLascito: Corradi mons. Enrico 996 $6245$aÉmile Meyerson :$bepistemologia e filosofia$9(OLS)http://semarc/title/201629 996 $6260$aFirenze :$bLe Monnier$9(OLS)http://semarc/publisher/30060 LEADER 00799nam a2200169 i 4500 001 000000043679 003 CaOOAMICUS 005 20120726000000.0 008 120726s1844 xx u000 u fre u 013 $a14849 040 $aSeMil$bita 245 10$acontenant le traité complet de la très-sainte-Trinité dans la synagogue ancienne. 300 $aXXXII, 575 p. 773 0 $aDrach, Paul Louis Bernard <1791-1865>$tDe l'harmonie entre l'Église et la Synagogue, ou Perpétuité et catholicité de la religion chrétienne.$dParis : Paul Mellier, 1844.$gTome1$w()27128 850 $aSeMil 852 $aSeMil$W1$xVenegono$y1$m2B III 45 FA$j9834$B9834$CSeMilBibl$Z2$F9834 $8I 996 $6245$acontenant le traité complet de la très-sainte-Trinité dans la synagogue ancienne$9(OLS)http://semarc/title/64295